Постановления и протоколы №№ 80-129 заседаний Высшего совета по перевозкам, бюллетени Народного комиссариата путей сообщения и Ц...

Доступно только в Электронных читальных залах Найти на картеНа карте
RUSMARC
00004415nac2a22003011x 450
001be50a6b0-a1ef-4575-bbd2-2707bfe34919
00520160729183404.0
100##$a20160615l19201921k y0rusy50 ca
1010#$arus
102##$aRU
105##$ay z |||||
1222#$ad19201213
$ad19211027
2001#$aПостановления и протоколы №№ 80-129 заседаний Высшего совета по перевозкам, бюллетени Народного комиссариата путей сообщения и Центрального комитета союза работников железнодорожного и водного транспорта
$j13 декабря 1920 - 27 октября 1921
215##$a314 листов
251##$cДело
300##$aНа папке дела: 13 декабря 1921 г. - 27 октября 1921 г.
300##$aЧасть текста рукописная и машинописная, часть - напечатана типографским способом
324##$aВ деле имеются копии отдельных документов
330##$aВходит в раздел описи: II. Канцелярия. 2. Общее делопроизводство
461#0$1001ad6baeac-e292-4829-90d1-2f4f65796a62
$12001
$aСОВЕТ НАРОДНЫХ КОМИССАРОВ РСФСР (СНК РСФСР)
$1251
$cФонд
$1852
$j130
$gР
462#0$1001749580a7-5abb-40c4-a39c-e540631a040a
$12001
$a1921 г.
$vД. 640а
$1251
$cОпись
$1852
$j5
60101$3RU\NLR\AUTH\661074810
$aРСФСР
$bСовет Народных Комиссаров
60101$3RU\NLR\AUTH\8810004615
$aРСФСР
$bВысший совет по перевозкам
60102$aРСФСР. Народный комиссариат путей сообщения
60102$3RU\NLR\AUTH\889967781
$aСоюз работников ж.-д. и водного транспорта РСФСР
$bЦК
801#0$aRU
$bGA_RF
801#1$aRU
$bНПО Опыт
$c20160615
$2rusmarc
801#2$aRU
$bПБ им. Б.Н. Ельцина
$c20160729
$gRCR
$2rusmarc
852##$aГА РФ
$j640
$lа
937##$d79844125
$hПБ
035##$aRuPRLIB51039241
Формат отображения